Applying UML and patterns: (Record no. 176459)

000 -LEADER
fixed length control field 00712 a2200157 4500
003 - CONTROL NUMBER IDENTIFIER
control field Nust
005 - DATE AND TIME OF LATEST TRANSACTION
control field 20220810163244.0
040 ## - CATALOGING SOURCE
Transcribing agency Nust
082 ## - DEWEY DECIMAL CLASSIFICATION NUMBER
Classification number 005.117,LAR
100 ## - MAIN ENTRY--PERSONAL NAME
Personal name Larman, Craig
245 ## - TITLE STATEMENT
Title Applying UML and patterns:
Remainder of title an introduction to object oriented analysis and design and the unified process /
Statement of responsibility, etc. Craig Larman
300 ## - PHYSICAL DESCRIPTION
Extent 507 p. :
505 ## - FORMATTED CONTENTS NOTE
Formatted contents note Part-1: Introduction (Page-1), Prt-2: Plan and Elaborate Phase (Page-33), Part-3; Analyze Phase (Page-83), Part-4: Design Phase (Page-159),Part-5: Construct Phase (Page-293), Part-6: Analyze Phase(Page-315), Part-7: Design Phase (Page-391), Part-8: Special Topics (Page-425).
650 ## - SUBJECT ADDED ENTRY--TOPICAL TERM
Topical term or geographic name entry element UML Patterns
9 (RLIN) 96756
942 ## - ADDED ENTRY ELEMENTS (KOHA)
Source of classification or shelving scheme
Koha item type Book
Call number prefix 005.117,LAR
Holdings
Withdrawn status Lost status Source of classification or shelving scheme Damaged status Not for loan Permanent Location Current Location Shelving location Date acquired Total Checkouts Full call number Barcode Date last seen Date last checked out Price effective from Koha item type Public note
          Military College of Signals (MCS) Military College of Signals (MCS) General Stacks 12/12/2016 1 004.67,LAR MCS3624 01/28/2023 01/16/2023 12/12/2016 Book Almirah No.4, Shelf No.1
© 2023 Central Library, National University of Sciences and Technology. All Rights Reserved.